[Event "Memorial Romana Baka "]
[Site "Starochorzowski Dom Kultury, u"]
[Date "2016.09.18"]
[Round "4.7"]
[White "Kaczmarski, Andrzej"]
[Black "Morkisz, Bogdan"]
[Result "0-1"]
[WhiteElo "1703"]
[BlackElo "2020"]
[PlyCount "46"]
[EventDate "2016.??.??"]

1. e4 e6 2. d4 d5 3. Nd2 Nf6 4. e5 Nfd7 5. Bd3 c5 6. c3 Nc6 7. Ne2 cxd4 8. cxd4
f6 9. exf6 Qxf6 10. Nf3 h6 11. O-O Bd6 12. Ng3 O-O 13. Re1 e5 14. dxe5 Ndxe5
15. Be2 Be6 16. Be3 Nxf3+ 17. Bxf3 Rad8 18. Qe2 Rfe8 19. Bh5 Re7 20. Qc2 d4 21.
Bd2 d3 22. Qc1 Be5 23. Ne4 Qh4 0-1

[Event "Memorial Romana Baka "]
[Site "Starochorzowski Dom Kultury, u"]
[Date "2016.09.18"]
[Round "4.8"]
[White "Bensaid, Simon"]
[Black "Pazdzior, Michal"]
[Result "1/2-1/2"]
[WhiteElo "1970"]
[BlackElo "1664"]
[PlyCount "72"]
[EventDate "2016.??.??"]

1. e4 e6 2. d4 d5 3. Nc3 Nf6 4. e5 Nfd7 5. f4 c5 6. Nf3 Nc6 7. Be3 cxd4 8. Nxd4
Bc5 9. Qd2 Bxd4 10. Bxd4 Nxd4 11. Qxd4 Qb6 12. O-O-O Qxd4 13. Rxd4 a6 14. h4 h5
15. Be2 Nb8 16. Na4 Nc6 17. Rd2 b5 18. Nc5 Kd8 19. c4 bxc4 20. Bxc4 Kc7 21. Be2
Kb6 22. Na4+ Ka7 23. Rh3 Bb7 24. Rc3 Rac8 25. Rdc2 Nd4 26. Rxc8 Nxe2+ 27. Kd2
Rxc8 28. Rxc8 Bxc8 29. Kxe2 Bd7 30. Nc5 Bb5+ 31. Ke3 Kb6 32. Kd4 a5 33. g3 g6
34. a3 a4 35. b4 axb3 36. Nxb3 Bc6 1/2-1/2

[Event "Memorial Romana Baka "]
[Site "Starochorzowski Dom Kultury, u"]
[Date "2016.09.18"]
[Round "4.9"]
[White "Sowierszenko, Tomasz"]
[Black "Cieraszewski, Piotr"]
[Result "0-1"]
[WhiteElo "1398"]
[BlackElo "1771"]
[PlyCount "68"]
[EventDate "2016.??.??"]

1. d4 d5 2. c4 e6 3. Nc3 b6 4. e4 dxe4 5. Nxe4 Bb7 6. Nc3 c5 7. Nf3 cxd4 8.
Nxd4 e5 9. Qa4+ Nd7 10. Nf3 f6 11. Be3 Ne7 12. Rd1 Bc6 13. Qb3 a6 14. Bxb6 Qxb6
15. Qxb6 Nxb6 16. Be2 Rd8 17. Rxd8+ Kxd8 18. O-O Ke8 19. Rd1 a5 20. Rd6 Nbc8
21. Rd2 Nf5 22. Nd5 Bd6 23. Ne1 Nd4 24. Bg4 f5 25. Bh5+ g6 26. Bf3 Kf7 27. Bd1
Ke6 28. Nc3 Nb6 29. Bb3 a4 30. c5+ axb3 31. cxd6 Nc4 32. Rd1 bxa2 33. Nxa2 Nxb2
34. Rc1 Ne2+ 0-1

[Event "Memorial Romana Baka "]
[Site "Starochorzowski Dom Kultury, u"]
[Date "2016.09.18"]
[Round "4.10"]
[White "Rychlik, Bogdan"]
[Black "Katolik, Kamil"]
[Result "0-1"]
[WhiteElo "1743"]
[BlackElo "1679"]
[PlyCount "198"]
[EventDate "2016.??.??"]

1. e4 d5 2. exd5 Qxd5 3. Nc3 Qa5 4. d4 Nf6 5. Nf3 Bg4 6. h3 Bxf3 7. Qxf3 c6 8.
Bc4 e6 9. O-O Be7 10. Bd2 O-O 11. Ne4 Qb6 12. Bc3 Nbd7 13. Nxf6+ Nxf6 14. Bd3
Bb4 15. a3 Bxc3 16. bxc3 Qc7 17. c4 Rad8 18. Rad1 b6 19. c3 c5 20. g4 cxd4 21.
cxd4 Kh8 22. g5 Ng8 23. Qe4 g6 24. h4 Ne7 25. h5 Nf5 26. d5 exd5 27. cxd5 Rfe8
28. Qh1 Qf4 29. hxg6 Qxg5+ 30. Qg2 Qxg2+ 31. Kxg2 fxg6 32. Bb5 Re5 33. Bc6 Kg7
34. a4 h5 35. Rb1 Ne7 36. f4 Re2+ 37. Kf3 Rc2 38. Rbc1 Ra2 39. Rfd1 Nf5 40. Rd3
h4 41. Rcd1 Rd6 42. Re1 Kf7 43. Re6 h3 44. Be8+ Kg7 45. Rd1 h2 46. Rxd6 Nxd6
47. Bd7 Rd2 48. Rh1 Rxd5 49. Rxh2 Rd3+ 50. Ke2 Ra3 51. Rh1 Ne4 52. Rg1 Kf7 53.
Bc6 Nc5 54. Bd5+ Kf6 55. Bc6 Ne6 56. Rd1 Nxf4+ 57. Kf2 Nd3+ 58. Ke2 Ne5 59. Bb5
Rc3 60. Rd8 Rc7 61. Ke3 g5 62. Ke4 Nf7 63. Rd5 Ke6 64. Kd4 Rc1 65. Bd7+ Ke7 66.
Bf5 Rd1+ 67. Bd3 Ke6 68. Rb5 g4 69. Ke3 Ne5 70. Be4 Re1+ 71. Kf4 Kf6 72. a5 Nc4
73. Rf5+ Ke7 74. axb6 axb6 75. Rg5 Rg1 76. Bd3 Nb2 77. Bb5 Nd1 78. Rxg4 Rh1 79.
Rg6 Nc3 80. Bc6 Rh5 81. Rg5 Rh6 82. Bb7 Kd6 83. Kf5 b5 84. Ba6 b4 85. Bc4 Kc5
86. Bb3 Ra6 87. Kf4+ Kd4 88. Rg2 Nd5+ 89. Bxd5 Kxd5 90. Rd2+ Kc4 91. Rc2+ Kd3
92. Rc7 b3 93. Rd7+ Kc2 94. Ke3 Rc6 95. Rd2+ Kc1 96. Rg2 b2 97. Rg1+ Kc2 98.
Rg2+ Kb3 99. Rg1 Rc1 0-1

[Event "Memorial Romana Baka "]
[Site "Starochorzowski Dom Kultury, u"]
[Date "2016.09.18"]
[Round "4.11"]
[White "Klementys, Jerzy"]
[Black "Muc, Zbigniew"]
[Result "1-0"]
[WhiteElo "1667"]
[BlackElo "1733"]
[PlyCount "100"]
[EventDate "2016.??.??"]

1. d4 Nf6 2. Nf3 e6 3. c4 c5 4. d5 exd5 5. cxd5 d6 6. Nc3 g6 7. e4 Bg7 8. Bd3
O-O 9. h3 a6 10. a4 b6 11. O-O Bb7 12. Bf4 Re8 13. Re1 Nh5 14. Bh2 Bf8 15. Nd2
Qc7 16. f4 Nd7 17. Nc4 Ng7 18. e5 f5 19. Qb3 Rab8 20. e6 Nf6 21. Nxb6 Be7 22.
a5 h5 23. Bc4 h4 24. Qd1 Ngh5 25. Qd3 Bf8 26. Bxa6 Bxa6 27. Qxa6 Ng3 28. Bxg3
hxg3 29. Re3 Nh5 30. Ne2 Bg7 31. Qb5 Re7 32. Rf3 Qb7 33. Nxg3 Bd4+ 34. Kh2 Nf6
35. Ne2 Rh7 36. Nxd4 cxd4 37. Qc4 Rc7 38. Qxd4 Rf8 39. Rc3 Rh7 40. a6 Qa7 41.
Rc6 Ne4 42. Ra4 Qe7 43. Qe3 Qf6 44. Rc2 Qh4 45. a7 Nf6 46. Kg1 Rxa7 47. Rxa7
Rb8 48. Nd7 Nxd5 49. Qf2 Qxf2+ 50. Kxf2 Re8 1-0

[Event "Memorial Romana Baka "]
[Site "Starochorzowski Dom Kultury, u"]
[Date "2016.09.18"]
[Round "4.12"]
[White "Gromada, Andrzej"]
[Black "Oborski, Artur"]
[Result "1-0"]
[WhiteElo "1770"]
[BlackElo "1649"]
[PlyCount "43"]
[EventDate "2016.??.??"]

1. Nf3 e6 2. c4 f5 3. g3 Nf6 4. Bg2 d5 5. O-O c6 6. d3 Bd6 7. Qc2 O-O 8. Nc3 e5
9. cxd5 Nxd5 10. Nxd5 cxd5 11. Qb3 Bc7 12. Ng5 e4 13. dxe4 h6 14. exd5 hxg5 15.
d6+ Kh8 16. dxc7 Qxc7 17. Bxg5 Nc6 18. Qc4 Qe5 19. Bd5 Nd4 20. e3 Ne2+ 21. Kh1
f4 22. exf4 1-0

[Event "Memorial Romana Baka "]
[Site "Starochorzowski Dom Kultury, u"]
[Date "2016.09.18"]
[Round "4.13"]
[White "Mostowski, Boguslaw"]
[Black "Hampel, Anna"]
[Result "0-1"]
[WhiteElo "1758"]
[BlackElo "1663"]
[PlyCount "68"]
[EventDate "2016.??.??"]

1. e4 c5 2. Nf3 e6 3. d4 cxd4 4. Nxd4 Nc6 5. Nb5 Nf6 6. N1c3 d6 7. Bf4 e5 8.
Bg5 a6 9. Na3 Be6 10. Bxf6 gxf6 11. Nc4 b5 12. Ne3 Bh6 13. Ncd5 Rc8 14. c3 Bxe3
15. Nxe3 Ne7 16. Qh5 Qb6 17. Qh6 b4 18. Qxf6 Rg8 19. Rd1 bxc3 20. bxc3 Rxc3 21.
Be2 Qa5 22. O-O Qxa2 23. Bh5 Rxe3 24. Rxd6 Bb3 25. Rxa6 Qc2 26. Ra8+ Nc8 27.
Qxe5+ Kf8 28. Qd6+ Ke8 29. Bd1 Rxg2+ 30. Kxg2 Qxe4+ 31. Kg1 Qxa8 32. Qd4 Re6
33. f3 Rg6+ 34. Kh1 Bxd1 0-1

[Event "Memorial Romana Baka "]
[Site "Starochorzowski Dom Kultury, u"]
[Date "2016.09.18"]
[Round "4.14"]
[White "Stemplewski, Kamil"]
[Black "Wojkowski, Mariusz"]
[Result "0-1"]
[WhiteElo "1597"]
[BlackElo "1730"]
[PlyCount "66"]
[EventDate "2016.??.??"]

1. e4 c5 2. Nf3 d6 3. d4 cxd4 4. Nxd4 Nf6 5. Nc3 a6 6. Be2 g6 7. Be3 Bg7 8. f4
O-O 9. Bf3 Qc7 10. O-O Nbd7 11. Qd2 Nc5 12. f5 Ncd7 13. Be2 b5 14. Bd3 Bb7 15.
a3 Ne5 16. h3 Rac8 17. Rae1 Nc4 18. Bxc4 Qxc4 19. Qd3 b4 20. axb4 Qxb4 21. Rb1
a5 22. fxg6 hxg6 23. e5 dxe5 24. Nb3 Rfd8 25. Qe2 a4 26. Bc5 Rxc5 27. Nxc5
Qxc5+ 28. Kh1 Nh5 29. Qf2 Qc4 30. Rbd1 Rd4 31. Rxd4 exd4 32. Ne2 Be5 33. Rd1
Qxe2 0-1

[Event "Memorial Romana Baka "]
[Site "Starochorzowski Dom Kultury, u"]
[Date "2016.09.18"]
[Round "4.16"]
[White "Smolka, Robert"]
[Black "Janiszewski, Maciej"]
[Result "0-1"]
[WhiteElo "1362"]
[BlackElo "2129"]
[PlyCount "76"]
[EventDate "2016.??.??"]

1. e4 d5 2. exd5 Nf6 3. Nf3 Bg4 4. Be2 Qxd5 5. Nc3 Qh5 6. h3 Nc6 7. d3 O-O-O 8.
Rg1 Bxf3 9. Bxf3 Qc5 10. Be3 Nd4 11. Qd2 Nxf3+ 12. gxf3 Qf5 13. O-O-O Qxf3 14.
Rg3 Qc6 15. Rdg1 e6 16. a3 Nd5 17. Nxd5 Rxd5 18. Rg4 f5 19. Rd4 e5 20. Rxd5
Qxd5 21. c4 Qe6 22. Re1 Be7 23. Qa5 a6 24. Bf4 Bd6 25. Bxe5 Re8 26. f4 g5 27.
c5 Bxe5 28. Rxe5 Qc6 29. Rxe8+ Qxe8 30. fxg5 f4 31. Qd2 Qe5 32. Qc3 Qe3+ 33.
Kd1 Kb8 34. d4 Qg1+ 35. Kc2 Qg2+ 36. Kd1 f3 37. Qe3 f2 38. Ke2 f1=Q# 0-1

[Event "Memorial Romana Baka "]
[Site "Starochorzowski Dom Kultury, u"]
[Date "2016.09.18"]
[Round "4.17"]
[White "Bobecki, Tadeusz"]
[Black "Zabron, Maksym"]
[Result "0-1"]
[WhiteElo "1785"]
[BlackElo "1526"]
[PlyCount "106"]
[EventDate "2016.??.??"]

1. e4 c6 2. d4 d5 3. Nc3 dxe4 4. Nxe4 Bf5 5. Ng3 Bg6 6. f4 Nf6 7. f5 Bxf5 8.
Nxf5 Qa5+ 9. Qd2 Qxf5 10. Bd3 Qd5 11. Nf3 e6 12. c4 Qd8 13. O-O Bd6 14. Qe2 O-O
15. Ng5 h6 16. Ne4 Be7 17. Kh1 Qxd4 18. Be3 Qd8 19. Bxh6 gxh6 20. Nxf6+ Bxf6
21. Rad1 Nd7 22. Qe4 Re8 23. Qh7+ Kf8 24. Bg6 Qe7 25. Qxh6+ Bg7 26. Qe3 Nf6 27.
Bc2 b6 28. Rf3 Red8 29. Rdf1 Rd6 30. Qe5 Rad8 31. h3 Rd2 32. Bb3 Qd6 33. Qg5
Qc5 34. Qh4 Qd4 35. Rf4 Qxb2 36. Rxf6 Bxf6 37. Rxf6 Qa1+ 38. Kh2 Qe5+ 39. Kg1
Qd4+ 40. Qxd4 R8xd4 41. Rf1 Re2 42. Rf2 Rxf2 43. Kxf2 Ke7 44. Ke3 c5 45. g3 f5
46. Kf3 Kf6 47. Ke3 e5 48. Kf3 Kg5 49. h4+ Kh5 50. Bc2 e4+ 51. Kf4 Rd2 52. Bb3
Rf2+ 53. Ke5 e3 0-1

[Event "Memorial Romana Baka "]
[Site "Starochorzowski Dom Kultury, u"]
[Date "2016.09.18"]
[Round "4.18"]
[White "Gajzner, Ryszard"]
[Black "Wierzbicki, Dawid"]
[Result "1-0"]
[WhiteElo "1772"]
[BlackElo "1467"]
[PlyCount "79"]
[EventDate "2016.??.??"]

1. d4 e6 2. c4 b6 3. f3 Bb7 4. e4 Bb4+ 5. Nc3 Bxc3+ 6. bxc3 d5 7. cxd5 exd5 8.
e5 c5 9. Bd3 Nc6 10. Ne2 Nge7 11. O-O Ng6 12. f4 c4 13. Bc2 Qc7 14. f5 Nge7 15.
f6 gxf6 16. exf6 Ng6 17. Bf5 Bc8 18. Bc2 Be6 19. Nf4 Nxf4 20. Bxf4 Qd7 21. a4
O-O-O 22. Qb1 Qb7 23. Qb5 Na5 24. Bh6 Rde8 25. Qb1 Bd7 26. Rf2 Qa6 27. Qb2 Re6
28. Bf5 Ree8 29. Bxd7+ Kxd7 30. Re2 Nc6 31. Rae1 Qxa4 32. Qb1 Rxe2 33. Rxe2 Re8
34. Qf5+ Re6 35. Rxe6 fxe6 36. Qxh7+ Kc8 37. f7 Qa1+ 38. Kf2 Qb2+ 39. Kf1 Qa1+
40. Ke2 1-0

[Event "Memorial Romana Baka "]
[Site "Starochorzowski Dom Kultury, u"]
[Date "2016.09.18"]
[Round "4.20"]
[White "Orlik, Sandra"]
[Black "Gonsior, Pawel"]
[Result "1-0"]
[WhiteElo "1665"]
[BlackElo "1364"]
[PlyCount "107"]
[EventDate "2016.??.??"]

1. d4 d5 2. Nf3 e6 3. e3 Nf6 4. Bd3 Be7 5. b3 Nbd7 6. Bb2 O-O 7. Nbd2 b6 8. Ne5
Bb7 9. O-O c5 10. f4 h6 11. Qe2 Ne4 12. Nxd7 Qxd7 13. Bxe4 dxe4 14. Nc4 cxd4
15. exd4 Bd6 16. Nxd6 Qxd6 17. c4 Rfd8 18. Qg4 f6 19. Rad1 Qe7 20. a3 a5 21.
Rfe1 Rac8 22. Re3 Rc7 23. Rh3 Kh7 24. Qh5 Qe8 25. Qe2 Qe7 26. g4 g5 27. Qe3
Rcd7 28. Rh5 Qg7 29. fxg5 fxg5 30. Rf1 Rc8 31. Bc3 Qe7 32. Qh3 Qg7 33. d5 e5
34. Qe3 Rd6 35. Qxe4+ Kg8 36. Qxe5 Qxe5 37. Bxe5 Rg6 38. Rh3 Rf8 39. Rxf8+ Kxf8
40. Rd3 Ke8 41. b4 a4 42. c5 bxc5 43. bxc5 Bc8 44. h3 Ba6 45. Rd4 Bb5 46. Rb4
Bd7 47. Rb8+ Ke7 48. Rb7 Kd8 49. Kf2 Bc8 50. Rg7 Rxg7 51. Bxg7 h5 52. Bf6+ Ke8
53. gxh5 Bxh3 54. Bxg5 1-0

[Event "Memorial Romana Baka "]
[Site "Starochorzowski Dom Kultury, u"]
[Date "2016.09.18"]
[Round "4.21"]
[White "Gredka, Dominika"]
[Black "Hertlein, Irena"]
[Result "1/2-1/2"]
[WhiteElo "1633"]
[BlackElo "1483"]
[PlyCount "119"]
[EventDate "2016.??.??"]

1. e4 d5 2. exd5 Qxd5 3. Nc3 Qd6 4. d4 Nf6 5. Nf3 c6 6. Ne5 Nbd7 7. Nc4 Qc7 8.
Qf3 Nb6 9. Bf4 Qd8 10. Qd1 Bf5 11. Ne3 Bg6 12. Be2 e6 13. O-O Bd6 14. Bg5 Be7
15. Bf3 O-O 16. Ne2 Nbd5 17. c4 Nxe3 18. Bxe3 Qc7 19. h3 Rfd8 20. Qc1 Rac8 21.
b3 c5 22. dxc5 Bxc5 23. Bxc5 Qxc5 24. Bxb7 Rc7 25. Bf3 Rcd7 26. Nf4 Be4 27. Qe3
Qxe3 28. fxe3 Rd2 29. Rfd1 Bxf3 30. Rxd2 Rxd2 31. gxf3 Rc2 32. Kf1 Rh2 33. Kg1
Rc2 34. Kf1 Rh2 35. Rd1 Rh1+ 36. Ke2 Rh2+ 37. Ke1 g5 38. Ne2 Rxh3 39. c5 Rh1+
40. Kd2 Rxd1+ 41. Kxd1 Kf8 42. Nd4 h5 43. b4 Nd5 44. Nc2 Ke8 45. Kd2 Kd7 46. a4
f5 47. b5 g4 48. fxg4 fxg4 49. e4 Nf6 50. Ke3 e5 51. Ne1 h4 52. Nd3 h3 53.
Nxe5+ Kc7 54. Nxg4 Nxg4+ 55. Kf3 Nf6 56. e5 Nd7 57. b6+ axb6 58. cxb6+ Nxb6 59.
a5 Nc8 60. Kg3 1/2-1/2

[Event "Memorial Romana Baka "]
[Site "Starochorzowski Dom Kultury, u"]
[Date "2016.09.18"]
[Round "4.22"]
[White "Hryn, Zofia"]
[Black "Kostowski, Andrzej"]
[Result "1-0"]
[WhiteElo "1433"]
[BlackElo "1609"]
[PlyCount "95"]
[EventDate "2016.??.??"]

1. e4 c5 2. Nf3 Nc6 3. d4 cxd4 4. Nxd4 d6 5. Nc3 Bd7 6. Be3 Nf6 7. f3 g6 8. Qd2
h5 9. Bc4 Na5 10. Be2 Nc6 11. h3 Bg7 12. O-O-O Bc8 13. Nxc6 bxc6 14. e5 Nd7 15.
exd6 e6 16. Kb1 Qa5 17. Ne4 Qd8 18. Bd4 e5 19. Bc3 a5 20. f4 O-O 21. fxe5 Bxe5
22. Bxe5 Nxe5 23. Qf4 f6 24. Rhf1 Kg7 25. g4 hxg4 26. hxg4 Be6 27. g5 Nd7 28.
gxf6+ Nxf6 29. Qe5 Bd5 30. Nxf6 Rxf6 31. c4 Bg2 32. Rf2 Bh3 33. Qxf6+ Qxf6 34.
Rxf6 Kxf6 35. Bf3 Bd7 36. Kc2 Rh8 37. Kc3 c5 38. a3 Rh3 39. Rd3 g5 40. b4 cxb4+
41. axb4 axb4+ 42. Kxb4 g4 43. Be4 Rxd3 44. Bxd3 Ke5 45. Kc5 g3 46. Bf1 Be6 47.
Bg2 Bxc4 48. d7 1-0

[Event "Memorial Romana Baka "]
[Site "Starochorzowski Dom Kultury, u"]
[Date "2016.09.18"]
[Round "4.26"]
[White "Zielinski, Marcin"]
[Black "Bartosz, Piotr"]
[Result "1-0"]
[WhiteElo "1534"]
[BlackElo "1452"]
[PlyCount "71"]
[EventDate "2016.??.??"]

1. d4 d5 2. c4 dxc4 3. Nf3 Nf6 4. Nc3 Bf5 5. e3 Nc6 6. Bxc4 e6 7. O-O Bd6 8.
Qe2 a6 9. a3 O-O 10. b4 b5 11. Bd3 Bxd3 12. Qxd3 Ne7 13. Bb2 Ng6 14. Rac1 Qb8
15. e4 Rd8 16. g3 Qb7 17. Qe2 Nd7 18. Rfd1 e5 19. dxe5 Ndxe5 20. Nxe5 Nxe5 21.
Nd5 Re8 22. Bxe5 Rxe5 23. f4 Re6 24. Qc2 Rae8 25. e5 Bxe5 26. fxe5 c6 27. Nf4
Rxe5 28. Qxc6 Qa7+ 29. Rc5 g5 30. Nd5 R5e6 31. Qc7 Qa8 32. Rf1 Rf8 33. Nf6+
Rxf6 34. Rxf6 Qe4 35. Rxg5+ Kh8 36. Qe5 1-0

[Event "Memorial Romana Baka "]
[Site "Starochorzowski Dom Kultury, u"]
[Date "2016.09.18"]
[Round "4.27"]
[White "Matysek, Pawel"]
[Black "Hertlein, Agnieszka"]
[Result "1-0"]
[WhiteElo "1599"]
[BlackElo "1052"]
[PlyCount "59"]
[EventDate "2016.??.??"]

1. e4 d5 2. exd5 Qxd5 3. Nc3 Qd6 4. d4 c6 5. Nf3 Nf6 6. Bc4 Bg4 7. h3 Bh5 8. g4
Bg6 9. Be3 Nbd7 10. Qd2 e6 11. O-O-O Be7 12. a3 Nb6 13. Ba2 O-O 14. Bf4 Qd7 15.
Ne5 Qd8 16. Be3 Ne4 17. Nxe4 Bxe4 18. Rhg1 f6 19. Bxe6+ Kh8 20. Nf7+ Rxf7 21.
Bxf7 Bd5 22. Bxd5 Qxd5 23. Kb1 Nc4 24. Qc3 Qb5 25. Ka1 a5 26. Qb3 Nxe3 27. fxe3
Qxb3 28. cxb3 Re8 29. Rge1 Bd6 30. e4 1-0

[Event "Memorial Romana Baka"]
[Site "Chorzow"]
[Date "2016.09.18"]
[Round "4.1"]
[White "Pawlowski, Maciej"]
[Black "Piesik, Piotr"]
[Result "1-0"]
[BlackElo "2298"]
[WhiteElo "2006"]
[LiveChessVersion "1.4.8"]

1. e4 {[%clk 1:30:57]} Nc6 {[%clk 1:29:09]} 2. d3 {[%clk 1:30:59]} e5
{[%clk 1:28:48]} 3. Nf3 {[%clk 1:31:21]} Nf6 {[%clk 1:27:07]} 4. Be2
{[%clk 1:31:18]} Bc5 {[%clk 1:26:48]} 5. O-O {[%clk 1:31:18]} d6 {[%clk 1:27:11]}
6. Nbd2 {[%clk 1:31:09]} O-O {[%clk 1:27:24]} 7. c3 {[%clk 1:31:23]} a5
{[%clk 1:27:26]} 8. b3 {[%clk 1:31:20]} Re8 {[%clk 1:25:47]} 9. Bb2
{[%clk 1:25:40]} d5 {[%clk 1:20:16]} 10. a3 {[%clk 1:20:46]} d4 {[%clk 1:10:59]}
11. c4 {[%clk 1:19:41]} Nd7 {[%clk 1:06:47]} 12. Kh1 {[%clk 1:17:21]} Bd6
{[%clk 1:04:46]} 13. Ne1 {[%clk 1:09:18]} Nc5 {[%clk 1:01:30]} 14. Bg4
{[%clk 1:09:36]} Ra6 {[%clk 0:47:50]} 15. g3 {[%clk 0:58:27]} Rb6
{[%clk 0:45:32]} 16. Bxc8 {[%clk 0:54:09]} Qxc8 {[%clk 0:45:51]} 17. f4
{[%clk 0:54:35]} Qh3 {[%clk 0:38:08]} 18. Qe2 {[%clk 0:49:16]} Nxb3
{[%clk 0:33:54]} 19. Nxb3 {[%clk 0:49:38]} Rxb3 {[%clk 0:34:21]} 20. Bc1
{[%clk 0:48:13]} exf4 {[%clk 0:27:04]} 21. gxf4 {[%clk 0:47:21]} f5
{[%clk 0:27:28]} 22. e5 {[%clk 0:40:55]} Bc5 {[%clk 0:23:47]} 23. Rg1
{[%clk 0:38:54]} Nd8 {[%clk 0:23:13]} 24. Rg3 {[%clk 0:38:22]} Qh6
{[%clk 0:23:37]} 25. Nf3 {[%clk 0:38:00]} Qc6 {[%clk 0:18:32]} 26. Kg1
{[%clk 0:37:22]} Qd7 {[%clk 0:11:40]} 27. Nd2 {[%clk 0:32:50]} Rb6
{[%clk 0:11:55]} 28. Nf3 {[%clk 0:33:14]} Ree6 {[%clk 0:09:36]} 29. Bb2
{[%clk 0:29:49]} Rg6 {[%clk 0:09:45]} 30. Qf2 {[%clk 0:28:49]} Rxg3+
{[%clk 0:10:03]} 31. hxg3 {[%clk 0:29:13]} Ne6 {[%clk 0:10:19]} 32. Kg2
{[%clk 0:28:17]} Rb3 {[%clk 0:10:22]} 33. Qe2 {[%clk 0:27:11]} Qc6
{[%clk 0:10:29]} 34. Kf2 {[%clk 0:26:30]} Qb6 {[%clk 0:10:55]} 35. Bc1
{[%clk 0:26:14]} Rb1 {[%clk 0:11:15]} 36. Rxb1 {[%clk 0:25:48]} Qxb1
{[%clk 0:11:43]} 37. Bd2 {[%clk 0:26:05]} b6 {[%clk 0:11:21]} 38. Kg2
{[%clk 0:23:52]} Qc2 {[%clk 0:11:27]} 39. Ng5 {[%clk 0:23:16]} Nxg5
{[%clk 0:11:04]} 40. fxg5 {[%clk 0:23:38]} Bxa3 {[%clk 0:09:25]} 41. e6
{[%clk 0:20:59]} Be7 {[%clk 0:09:47]} 42. Kh3 {[%clk 0:17:24]} g6
{[%clk 0:09:53]} 43. Qg2 {[%clk 0:15:56]} Qd1 {[%clk 0:10:08]} 44. Qc6
{[%clk 0:13:01]} Kf8 {[%clk 0:08:21]} 45. Bf4 {[%clk 0:11:21]} Bxg5
{[%clk 0:02:07]} 46. Bxc7 {[%clk 0:07:01]} Qg4+ {[%clk 0:01:41]} 47. Kg2
{[%clk 0:07:22]} Qe2+ {[%clk 0:02:07]} 48. Kh3 {[%clk 0:07:35]} Be7
{[%clk 0:01:49]} 49. Bxb6 {[%clk 0:05:23]} g5 {[%clk 0:01:35]} 50. Qa8+
{[%clk 0:04:08]} Kg7 {[%clk 0:02:00]} 51. Bxd4+ {[%clk 0:04:33]} Kh6
{[%clk 0:02:26]} 52. Qg2 {[%clk 0:03:47]} Qh5# {[%clk 0:02:52]} 1-0

[Event "Memorial Romana Baka"]
[Site "Chorzow"]
[Date "2016.09.18"]
[Round "4.2"]
[White "Piankov, Evgenij"]
[Black "Ociepka, Tomasz"]
[Result "1-0"]
[BlackElo "1915"]
[WhiteElo "2254"]
[LiveChessVersion "1.4.8"]

1. d4 {[%clk 1:30:53]} Nf6 {[%clk 1:29:08]} 2. Nf3 {[%clk 1:31:10]} g6
{[%clk 1:28:31]} 3. Bg5 {[%clk 1:31:25]} Bg7 {[%clk 1:28:32]} 4. e3
{[%clk 1:31:09]} c5 {[%clk 1:27:12]} 5. c3 {[%clk 1:31:24]} cxd4 {[%clk 1:27:09]}
6. cxd4 {[%clk 1:31:17]} Qa5+ {[%clk 1:22:59]} 7. Qd2 {[%clk 1:26:49]} Qxd2+
{[%clk 1:20:46]} 8. Nfxd2 {[%clk 1:27:03]} d6 {[%clk 1:11:36]} 9. Nc3
{[%clk 1:27:20]} Nbd7 {[%clk 1:07:11]} 10. Be2 {[%clk 1:26:02]} O-O
{[%clk 1:05:10]} 11. O-O {[%clk 1:26:16]} a6 {[%clk 0:57:57]} 12. Rac1
{[%clk 1:25:55]} b5 {[%clk 0:54:13]} 13. Bf3 {[%clk 1:25:37]} Rb8
{[%clk 0:51:32]} 14. Nce4 {[%clk 1:23:08]} Re8 {[%clk 0:45:25]} 15. Nxf6+
{[%clk 1:18:30]} Bxf6 {[%clk 0:40:54]} 16. Bh6 {[%clk 1:17:10]} Nb6
{[%clk 0:39:38]} 17. Rc7 {[%clk 1:15:57]} Be6 {[%clk 0:36:36]} 18. Ne4
{[%clk 1:11:57]} Bg7 {[%clk 0:34:11]} 19. Bxg7 {[%clk 1:11:52]} Kxg7
{[%clk 0:34:34]} 20. b3 {[%clk 1:12:02]} Bd5 {[%clk 0:29:39]} 21. Rfc1
{[%clk 1:11:04]} Kf8 {[%clk 0:22:58]} 22. Kf1 {[%clk 0:55:36]} h6
{[%clk 0:22:26]} 23. Ke2 {[%clk 0:55:13]} f5 {[%clk 0:19:56]} 24. Nc3
{[%clk 0:50:45]} Bxf3+ {[%clk 0:19:20]} 25. Kxf3 {[%clk 0:49:06]} b4
{[%clk 0:17:32]} 26. Ne2 {[%clk 0:47:54]} Rec8 {[%clk 0:16:24]} 27. Nf4
{[%clk 0:44:50]} Kf7 {[%clk 0:15:46]} 28. e4 {[%clk 0:41:37]} g5 {[%clk 0:13:53]}
29. Nd3 {[%clk 0:39:46]} fxe4+ {[%clk 0:13:35]} 30. Kxe4 {[%clk 0:40:13]} a5
{[%clk 0:13:05]} 31. R1c6 {[%clk 0:35:32]} Rxc7 {[%clk 0:11:38]} 32. Rxc7
{[%clk 0:36:00]} Ke6 {[%clk 0:11:01]} 33. Ra7 {[%clk 0:34:00]} Ra8
{[%clk 0:10:54]} 34. d5+ {[%clk 0:33:40]} Kf6 {[%clk 0:10:59]} 35. Rb7
{[%clk 0:33:46]} Ra6 {[%clk 0:10:29]} 36. Kd4 {[%clk 0:28:02]} Nc8
{[%clk 0:08:32]} 37. Kc4 {[%clk 0:26:31]} Na7 {[%clk 0:08:25]} 38. f3
{[%clk 0:19:52]} a4 {[%clk 0:07:13]} 39. Nxb4 {[%clk 0:15:31]} axb3
{[%clk 0:07:41]} 40. Kxb3 {[%clk 0:14:36]} Ra5 {[%clk 0:07:19]} 41. a4
{[%clk 0:14:32]} Nc8 {[%clk 0:07:21]} 42. Rc7 {[%clk 0:12:14]} Nb6
{[%clk 0:07:04]} 43. Rxe7 {[%clk 0:10:11]} Kxe7 {[%clk 0:03:54]} 44. Nc6+
{[%clk 0:09:06]} Kd7 {[%clk 0:03:54]} 45. Nxa5 {[%clk 0:09:33]} Nxd5
{[%clk 0:04:16]} 46. Nc4 {[%clk 0:09:50]} Kc6 {[%clk 0:03:22]} 47. Nd2
{[%clk 0:09:47]} Ne3 {[%clk 0:03:31]} 48. g3 {[%clk 0:10:01]} d5 {[%clk 0:02:58]}
49. Kc3 {[%clk 0:10:14]} Nf5 {[%clk 0:02:53]} 50. f4 {[%clk 0:06:13]} g4
{[%clk 0:02:28]} 51. Nb3 {[%clk 0:05:17]} Ne3 {[%clk 0:02:40]} 52. f5
{[%clk 0:05:18]} Kd6 {[%clk 0:02:21]} 53. Nd4 {[%clk 0:05:24]} Nc4
{[%clk 0:02:32]} 54. f6 {[%clk 0:04:45]} h5 {[%clk 0:01:39]} 55. Kb4
{[%clk 0:04:35]} Nb6 {[%clk 0:01:10]} 56. a5 {[%clk 0:04:24]} Nd7
{[%clk 0:01:31]} 57. a6 {[%clk 0:04:20]} Kc7 {[%clk 0:01:48]} 58. f7
{[%clk 0:04:12]} Nf8 {[%clk 0:01:35]} 59. Kc5 {[%clk 0:04:27]} 1-0

[Event "Memorial Romana Baka"]
[Site "Chorzow"]
[Date "2016.09.18"]
[Round "4.3"]
[White "Mucha, Piotr"]
[Black "Slezinski, Nikodem"]
[Result "1-0"]
[BlackElo "1984"]
[WhiteElo "2161"]
[LiveChessVersion "1.4.8"]

1. f4 {[%clk 1:30:54]} Nc6 {[%clk 1:29:31]} 2. Nf3 {[%clk 1:30:55]} d6
{[%clk 1:29:49]} 3. g3 {[%clk 1:30:20]} e5 {[%clk 1:30:09]} 4. d3
{[%clk 1:30:16]} g6 {[%clk 1:29:37]} 5. Bg2 {[%clk 1:28:12]} Bg7 {[%clk 1:30:01]}
6. Nc3 {[%clk 1:28:18]} Nge7 {[%clk 1:29:50]} 7. O-O {[%clk 1:28:35]} O-O
{[%clk 1:30:13]} 8. e4 {[%clk 1:27:43]} f5 {[%clk 1:29:21]} 9. Be3
{[%clk 1:25:37]} fxe4 {[%clk 1:27:48]} 10. dxe4 {[%clk 1:25:58]} exf4
{[%clk 1:23:19]} 11. gxf4 {[%clk 1:26:21]} Be6 {[%clk 1:20:04]} 12. Qd3
{[%clk 1:21:34]} h6 {[%clk 1:14:16]} 13. Rad1 {[%clk 1:08:06]} Qd7
{[%clk 1:08:52]} 14. Nd5 {[%clk 1:08:03]} Bf7 {[%clk 1:08:40]} 15. c4
{[%clk 1:07:50]} Rae8 {[%clk 1:02:52]} 16. Qd2 {[%clk 0:48:04]} Kh7
{[%clk 1:00:11]} 17. Kh1 {[%clk 0:42:26]} b5 {[%clk 0:51:10]} 18. b3
{[%clk 0:35:49]} a6 {[%clk 0:41:31]} 19. Rg1 {[%clk 0:35:39]} Be6
{[%clk 0:31:41]} 20. f5 {[%clk 0:22:03]} gxf5 {[%clk 0:27:47]} 21. Bh3
{[%clk 0:22:27]} Ng8 {[%clk 0:23:07]} 22. Nf4 {[%clk 0:20:33]} Nd8
{[%clk 0:16:40]} 23. Nd4 {[%clk 0:18:00]} Be5 {[%clk 0:13:47]} 24. Nfxe6
{[%clk 0:13:44]} Nxe6 {[%clk 0:14:11]} 25. Bxf5+ {[%clk 0:14:07]} Rxf5
{[%clk 0:14:11]} 26. Nxf5 {[%clk 0:13:36]} Qf7 {[%clk 0:12:47]} 27. Rdf1
{[%clk 0:10:11]} Qh5 {[%clk 0:13:03]} 28. Qg2 {[%clk 0:08:10]} c5
{[%clk 0:10:01]} 29. Rf3 {[%clk 0:07:26]} 1-0